| 000 | 01330nam0a22003251 4500 | ||
|---|---|---|---|
| 001 | rc\3589524 | ||
| 005 | 20250610075737.0 | ||
| 021 |
_aRU _b[74-35984] |
||
| 035 | _a(NLR Aleph) 007808010 | ||
| 090 |
_a7704251 _c7704251 |
||
| 100 | _a20130115d1974 |||y0rusy50 ca | ||
| 101 | 0 | _arus | |
| 102 | _aRU | ||
| 105 | _aa z ||||| | ||
| 200 | 1 | _aМеханическая обработка нержавеющих и жаропрочных сталей | |
| 210 |
_aМосква _c[НИИинформтяжмаш] _d1974 |
||
| 215 |
_a92 с. _cчерт. _d21 |
||
| 225 | 1 |
_aНИИинформтяжмаш _v8-74-13 _iОбзорная информация _iМеханосборочное производство |
|
| 300 | _aАвт. указаны в вып. дан. | ||
| 320 | _aСписок лит.: с. 87-91 (65 назв.) | ||
| 606 |
_aСталь жаропрочная _xОбработка _2psbo |
||
| 606 |
_aСталь нержавеющая _xОбработка _2psbo |
||
| 700 | 1 |
_aПопов _bА. С. _cканд. техн. наук, металлообработка _gАлексей Степанович _9226268 _3RU\NLR\AUTH\770226324 |
|
| 701 | 1 |
_aМосквичева _bА.Ф. |
|
| 801 | 0 |
_aRU _bNLR _gpsbo |
|
| 801 | 1 |
_aRU _bELAR _2rusmarc |
|
| 852 |
_aNLR _jП10/3461 |
||
| 942 | _cBOOK | ||
| 980 | _aNB | ||